000 00744cam a2200253 4500
001 32202
003 BD-RjUL
005 20211209051813.0
008 140424s1973 ii ab b 001 0 eng
035 _a(BD-RjUL)32291
040 _aDLC
_cDLC
_dBD-RjUL
_beng
041 _aeng
082 0 0 _a294.5922
_bSAR 1973
100 1 _aSankalia, Hasmukhlal Dhirajlal.
_970288
245 1 0 _aRamayana: myth or reality /
_cby H. D. Sankalia.
260 _aNew Delhi :
_bPeople's Pub. House ,
_c1973
300 _avi, 86 p. :
_billus., map. ;
_c22 cm.
504 _aBibliography: p. [79]-80.
600 0 0 _aVālmīki.
_998004
942 _2ddc
_cBK
999 _c32202
_d32202